[Event "Unama'ki op"]
[Site "Wycogomaugh CAN"]
[Date "1998.06.26"]
[Round "1"]
[White "Hayward, Jim"]
[Black "Mayo, Alvah"]
[Result "0-1"]
[WhiteElo "1808"]
[BlackElo "2106"]
[PlyCount "52"]
[GameId "2160767911872866"]
[EventDate "1998.06.26"]
[EventType "swiss"]
[EventRounds "5"]
[EventCountry "CAN"]

1. d4 g6 2. e4 Bg7 3. Nf3 c5 4. Be3 d6 5. c3 Qb6 6. Qc2 Nf6 7. Nbd2 O-O 8. Be2 cxd4 9. Nxd4 Qd8 10. O-O Nc6 11. f3 Bd7 12. Rfd1 Rc8 13. Nxc6 bxc6 14. Nc4 Qc7 15. Bf4 Nh5 16. Bg5 f6 17. Be3 f5 18. Bd4 e5 19. Bf2 d5 20. exd5 cxd5 21. Rxd5 Be6 22. Rc5 Qe7 23. Rxc8 Rxc8 24. Ne3 Qg5 25. Qa4 Nf4 26. Bf1 Nh3+ 0-1

[Event "Unama'ki op"]
[Site "Wycogomaugh CAN"]
[Date "1998.06.26"]
[Round "1"]
[White "Saunders, Steve"]
[Black "Bernard, Gilbert"]
[Result "1-0"]
[WhiteElo "2039"]
[BlackElo "1758"]
[PlyCount "89"]
[GameId "2160767911872867"]
[EventDate "1998.06.26"]
[EventType "swiss"]
[EventRounds "5"]
[EventCountry "CAN"]

1. d4 g6 2. c4 Bg7 3. e4 d6 4. Nc3 Nf6 5. f3 O-O 6. Bg5 Nbd7 7. Nh3 e5 8. d5 a5 9. Qd2 Nc5 10. Nf2 Re8 11. g4 Bd7 12. h4 Qc8 13. Be2 a4 14. h5 b5 15. cxb5 Qb7 16. Nd3 Qb6 17. Nxc5 Qxc5 18. a3 Qb6 19. hxg6 fxg6 20. Be3 Qa5 21. Nd1 Bxb5 22. Qxa5 Rxa5 23. Bd2 Bxe2 24. Kxe2 Rb5 25. Rc1 Rb7 26. Ba5 Rc8 27. Bb4 Ne8 28. Rc4 Bf6 29. Ne3 Bd8 30. Nd1 Ra8 31. Bd2 Nf6 32. Bh6 Nd7 33. Bc1 Nb6 34. Rb4 Rbb8 35. Nc3 Ra6 36. Be3 Rba8 37. Rc1 Kf7 38. Nb5 Rc8 39. Rc6 Ke7 40. Nc3 Rca8 41. Bxb6 cxb6 42. Nb5 Kf8 43. Nxd6 Be7 44. Rbxb6 Bxd6 45. Rxa6 1-0

[Event "Unama'ki op"]
[Site "Wycogomaugh CAN"]
[Date "1998.06.27"]
[Round "2"]
[White "Leblanc, Gerald"]
[Black "Saunders, Steve"]
[Result "1/2-1/2"]
[WhiteElo "1953"]
[BlackElo "2038"]
[PlyCount "60"]
[GameId "2160767911872868"]
[EventDate "1998.06.26"]
[EventType "swiss"]
[EventRounds "5"]
[EventCountry "CAN"]

1. e4 c5 2. Nf3 d6 3. c3 Nf6 4. h3 g6 5. Bd3 Bg7 6. O-O O-O 7. Bc2 Nc6 8. Re1 b6 9. a3 Bb7 10. d4 cxd4 11. cxd4 e6 12. Bg5 Qc7 13. Nc3 a6 14. Qe2 Rac8 15. Rac1 b5 16. d5 Na5 17. Red1 e5 18. Bd3 Nb3 19. Rc2 Qb8 20. Na2 Nd7 21. Rxc8 Rxc8 22. Bc2 Ndc5 23. Be3 Qc7 24. Nb4 Na5 25. Na2 Nc4 26. Bc1 Nd7 27. Bb1 Nc5 28. Bc2 Nd7 29. Bb1 Nc5 30. Bc2 Nd7 1/2-1/2

[Event "Unama'ki op"]
[Site "Wycogomaugh CAN"]
[Date "1998.06.27"]
[Round "2"]
[White "Mayo, Alvah"]
[Black "Gulati, Justin"]
[Result "1-0"]
[WhiteElo "2106"]
[BlackElo "1968"]
[PlyCount "59"]
[GameId "2160767911872869"]
[EventDate "1998.06.26"]
[EventType "swiss"]
[EventRounds "5"]
[EventCountry "CAN"]

1. e4 g6 2. d4 Bg7 3. Nf3 c6 4. Bd3 d5 5. exd5 cxd5 6. Bf4 Nc6 7. c3 Nf6 8. Nbd2 Nh5 9. Bg3 Nxg3 10. hxg3 Qc7 11. Qc2 Bd7 12. a4 O-O 13. O-O-O Rac8 14. Ng5 Nxd4 15. Qb1 Qa5 16. Rde1 Rxc3+ 17. bxc3 Qxc3+ 18. Bc2 Bxa4 19. Re3 Qc6 20. Nb3 Nxb3+ 21. Rxb3 Rc8 22. Kd1 Qc4 23. Nf3 Bxb3 24. Qxb3 Qc5 25. Ne1 b6 26. Nd3 Qd4 27. Rh4 Qa1+ 28. Ke2 Rc3 29. Qb1 Qa4 30. Rxa4 1-0

[Event "Unama'ki op"]
[Site "Wycogomaugh CAN"]
[Date "1998.06.27"]
[Round "3"]
[White "Saunders, Steve"]
[Black "Mayo, Alvah"]
[Result "0-1"]
[WhiteElo "2038"]
[BlackElo "2106"]
[PlyCount "64"]
[GameId "2160767911872870"]
[EventDate "1998.06.26"]
[EventType "swiss"]
[EventRounds "5"]
[EventCountry "CAN"]

1. d4 Nf6 2. c4 e6 3. Nc3 c5 4. d5 exd5 5. cxd5 d6 6. e4 g6 7. f4 Bg7 8. Bb5+ Nfd7 9. a4 a6 10. Bd3 O-O 11. Nf3 Re8 12. O-O Nf6 13. h3 Nbd7 14. Kh1 b6 15. Qc2 Bb7 16. Qf2 Qc7 17. Bd2 c4 18. Bc2 Nc5 19. Rae1 Qd7 20. Qh4 b5 21. axb5 axb5 22. e5 Nxd5 23. Ng5 h6 24. Nge4 Nxe4 25. Nxe4 dxe5 26. fxe5 Rxe5 27. Nc5 Qc6 28. Nxb7 Qxb7 29. Bc3 Nxc3 30. bxc3 Rae8 31. Rxe5 Rxe5 32. Ra1 Re2 0-1

[Event "Unama'ki op"]
[Site "Wycogomaugh CAN"]
[Date "1998.06.28"]
[Round "4"]
[White "Clarke, Aubrey"]
[Black "Saunders, Steve"]
[Result "0-1"]
[WhiteElo "1636"]
[BlackElo "2038"]
[PlyCount "64"]
[GameId "2160767911872871"]
[EventDate "1998.06.26"]
[EventType "swiss"]
[EventRounds "5"]
[EventCountry "CAN"]

1. e4 c5 2. Nf3 d6 3. d4 cxd4 4. Nxd4 Nf6 5. Nc3 a6 6. Bg5 e6 7. f4 b5 8. e5 dxe5 9. fxe5 Qc7 10. exf6 Qe5+ 11. Be2 Qxg5 12. O-O gxf6 13. Bf3 Ra7 14. Kh1 Rd7 15. Nce2 Bc5 16. c3 e5 17. Qb3 exd4 18. Rfe1 O-O 19. cxd4 Bxd4 20. Ng3 Be5 21. Re4 Rd4 22. Rxd4 Bxd4 23. Ne4 Qe5 24. a4 Be6 25. Qb4 Bc4 26. axb5 Bxb5 27. Re1 Bxb2 28. Nd6 Bc3 29. Qg4+ Qg5 30. Rc1 Qxg4 31. Bxg4 Bb4 32. Rb1 Bxd6 0-1

[Event "Unama'ki op"]
[Site "Wycogomaugh CAN"]
[Date "1998.06.28"]
[Round "4"]
[White "Mayo, Alvah"]
[Black "Cooper, Aaron"]
[Result "0-1"]
[WhiteElo "2106"]
[BlackElo "1990"]
[PlyCount "120"]
[GameId "2160767911872872"]
[EventDate "1998.06.26"]
[EventType "swiss"]
[EventRounds "5"]
[EventCountry "CAN"]

1. e4 g6 2. d4 Bg7 3. c4 Nc6 4. Be3 d6 5. Nc3 e5 6. Nge2 exd4 7. Nxd4 Nge7 8. Be2 f5 9. f3 fxe4 10. fxe4 O-O 11. Rf1 Rxf1+ 12. Kxf1 Qf8+ 13. Kg1 Qf6 14. Nc2 Be6 15. Qd2 Rf8 16. Rf1 Qe5 17. Rxf8+ Kxf8 18. Nd5 Qxe4 19. Nxc7 Bxc4 20. Bf3 Qd3 21. Qf2 Kg8 22. b3 Bf7 23. Ne1 Qb1 24. g4 d5 25. Nb5 d4 26. Bf4 Nd5 27. Bg3 d3 28. Kg2 a6 29. Na3 Qc1 30. Nc4 b5 31. Nxd3 Qc3 32. Ncb2 Bd4 33. Qe2 Ncb4 34. Be1 Nxd3 35. Nxd3 Qxd3 36. Qxd3 Nf4+ 37. Kf1 Nxd3 38. Bd2 Kf8 39. Bb7 Nc5 40. Bb4 a5 41. Bxc5+ Bxc5 42. Be4 a4 43. Bc2 axb3 44. axb3 Ke7 45. Bd3 b4 46. Bc2 Bd5 47. Ke2 Kf6 48. h4 Ke5 49. h5 gxh5 50. gxh5 Be4 51. Bd1 Kf4 52. Kd2 Bf3 53. Bc2 h6 54. Bg6 Kg5 55. Kd3 Bxh5 56. Kc4 Bxg6 57. Kxc5 Bc2 58. Kxb4 Kf4 59. Kc3 Bxb3 60. Kxb3 h5 0-1

[Event "Unama'ki op"]
[Site "Wycogomaugh CAN"]
[Date "1998.06.28"]
[Round "5"]
[White "Leblanc, Gerald"]
[Black "Mayo, Alvah"]
[Result "0-1"]
[WhiteElo "1953"]
[BlackElo "2106"]
[PlyCount "76"]
[GameId "2160767911872873"]
[EventDate "1998.06.26"]
[EventType "swiss"]
[EventRounds "5"]
[EventCountry "CAN"]

1. e4 c5 2. Nf3 d6 3. d3 Nc6 4. Nbd2 g6 5. g3 Bg4 6. Bg2 Qd7 7. h3 Be6 8. a4 h6 9. Nc4 Nf6 10. b3 Bg7 11. Bb2 O-O 12. Qe2 Rfe8 13. O-O-O Qc7 14. d4 cxd4 15. Nxd4 Bxc4 16. Qxc4 Rac8 17. Nxc6 bxc6 18. f4 Qb8 19. Rhe1 d5 20. Qc3 e6 21. Kb1 Re7 22. Qa5 Rb7 23. Be5 Qa8 24. g4 Bf8 25. Bxf6 Bb4 26. Qa6 Bxe1 27. Rxe1 c5 28. exd5 Rb6 29. Qe2 exd5 30. Qe7 c4 31. Re3 Qc6 32. Bc3 cxb3 33. Qe5 bxc2+ 34. Kc1 f6 35. Bxd5+ Kh8 36. Qe4 Qc5 37. g5 Qa3+ 38. Kxc2 Rb2+ 0-1

[Event "Unama'ki op"]
[Site "Wycogomaugh CAN"]
[Date "1998.06.28"]
[Round "5"]
[White "Saunders, Steve"]
[Black "Hayward, Jim"]
[Result "1-0"]
[WhiteElo "2039"]
[BlackElo "1808"]
[PlyCount "63"]
[GameId "2160767911872874"]
[EventDate "1998.06.26"]
[EventType "swiss"]
[EventRounds "5"]
[EventCountry "CAN"]

1. d4 Nf6 2. c4 c5 3. d5 d6 4. Nc3 g6 5. e4 Nbd7 6. f3 Bg7 7. Nh3 O-O 8. Bg5 h6 9. Be3 a6 10. Be2 Re8 11. O-O Nf8 12. Nf2 N6d7 13. Qd2 h5 14. Nd3 e6 15. f4 exd5 16. cxd5 Bxc3 17. bxc3 Rxe4 18. Bf3 Re8 19. f5 Ne5 20. Nxe5 Rxe5 21. fxg6 Nxg6 22. Bf2 Bg4 23. Bg3 Re8 24. Bxg4 hxg4 25. Qh6 Qe7 26. Rae1 Qd7 27. c4 Rxe1 28. Bxe1 Qe7 29. Bc3 Ne5 30. Rf5 f6 31. Rxf6 Qg7 32. Qxg7+ 1-0

[Event "Val d'Or ch"]
[Site "Val d'Or CAN"]
[Date "1998.08.03"]
[Round "1"]
[White "Authier, Alain"]
[Black "Michaud, Luc"]
[Result "1-0"]
[WhiteElo "1701"]
[BlackElo "1614"]
[PlyCount "59"]
[GameId "2160767911806844"]
[EventDate "1998.08.03"]
[EventType "tourn"]
[EventRounds "5"]
[EventCountry "CAN"]
[SourceTitle "Echec+ 1998.11"]

1. e4 c5 2. Nf3 d6 3. c3 Nf6 4. d3 Nc6 5. Be2 e6 6. O-O Be7 7. h3 O-O 8. Be3 a6 9. a4 Bd7 10. Qd2 Na5 11. Ra2 Rc8 12. b4 cxb4 13. cxb4 Nc6 14. b5 Ne5 15. Nxe5 dxe5 16. bxa6 bxa6 17. Qb2 Qc7 18. Rc1 Qb8 19. Qxb8 Rxb8 20. Nd2 Ne8 21. Nc4 f6 22. Nb6 Rb7 23. Nxd7 Rxd7 24. Rc6 a5 25. Rxe6 Nd6 26. Bc5 Kf7 27. Bg4 f5 28. exf5 Nxf5 29. Rxe7+ Rxe7 30. Bxf5 1-0

[Event "Val d'Or ch"]
[Site "Val d'Or CAN"]
[Date "1998.08.10"]
[Round "2"]
[White "Authier, Alain"]
[Black "Brousseau, Yvan"]
[Result "1-0"]
[WhiteElo "1701"]
[BlackElo "1717"]
[PlyCount "51"]
[GameId "2160767911806845"]
[EventDate "1998.08.03"]
[EventType "tourn"]
[EventRounds "5"]
[EventCountry "CAN"]
[SourceTitle "Echec+ 1998.11"]

1. e4 c6 2. c4 e5 3. Nf3 d6 4. Nc3 Nf6 5. d4 exd4 6. Nxd4 Be7 7. Be2 O-O 8. O-O Na6 9. f4 Nc5 10. Bf3 Ne6 11. Nf5 Re8 12. Qe1 Bf8 13. Qg3 Kh8 14. Be3 g6 15. Nxd6 Bxd6 16. Rad1 Qe7 17. e5 Bc7 18. exf6 Qxf6 19. Bg4 Kg8 20. Qf3 Ng7 21. Bd4 Qh4 22. Bxc8 Rexc8 23. Ne4 Bb6 24. c5 Bc7 25. Bf6 Qh5 26. g4 1-0

[Event "Val d'Or ch qual."]
[Site "Val d'Or CAN"]
[Date "1998.07.14"]
[Round "?"]
[White "Authier, Alain"]
[Black "Brousseau, Yvan"]
[Result "1-0"]
[WhiteElo "1617"]
[BlackElo "1659"]
[PlyCount "109"]
[GameId "2160767911872739"]
[EventDate "1998.07.14"]
[EventType "tourn"]
[EventRounds "5"]
[EventCountry "CAN"]
[SourceTitle "Echec+ 1998.09"]

1. e4 c6 2. d4 d5 3. e5 Bf5 4. c4 dxc4 5. Bxc4 e6 6. Nc3 Bb4 7. a3 Ba5 8. b4 Bb6 9. Nge2 Ne7 10. O-O O-O 11. Bg5 h6 12. Be3 Nd7 13. Qd2 Bg6 14. g4 h5 15. gxh5 Bxh5 16. Ng3 Bg6 17. Kh1 Nf5 18. Nxf5 Bxf5 19. Bg5 Qc7 20. Rg1 Kh7 21. Be7 Rh8 22. Qg5 g6 23. Bd6 Qd8 24. Be7 Qe8 25. Bc5 Nxc5 26. dxc5 Bd8 27. Qe3 Kg7 28. Ne4 Bxe4+ 29. Qxe4 Rh4 30. f4 Qh8 31. Ra2 Be7 32. Bxe6 fxe6 33. Qxg6+ Kf8 34. Qxe6 Rxf4 35. Rag2 Rf7 36. Qg6 Ke8 37. e6 Qh7 38. exf7+ Qxf7 39. Qg8+ Qxg8 40. Rxg8+ Bf8 41. Rf1 Ke7 42. Rh8 b6 43. cxb6 axb6 44. a4 Rxa4 45. Rhxf8 Rxb4 46. R8f4 Rb5 47. Rd1 c5 48. h4 Rb3 49. Kg2 b5 50. h5 c4 51. h6 Rb2+ 52. Kf3 c3 53. h7 c2 54. Re1+ Kd6 55. h8=Q 1-0

[Event "Val d'Or ch qual."]
[Site "Val d'Or CAN"]
[Date "1998.07.14"]
[Round "?"]
[White "Langlais, Daniel"]
[Black "Brouillette, Christian"]
[Result "1-0"]
[WhiteElo "1650"]
[BlackElo "1531"]
[PlyCount "91"]
[GameId "2160767911872740"]
[EventDate "1998.07.14"]
[EventType "tourn"]
[EventRounds "5"]
[EventCountry "CAN"]
[SourceTitle "Echec+ 1998.09"]

1. c4 e5 2. Nc3 Nf6 3. e3 Be7 4. Nge2 Nc6 5. Ng3 O-O 6. Be2 d6 7. O-O Be6 8. f4 d5 9. f5 Bc8 10. cxd5 Nxd5 11. Bc4 Nb6 12. Bb3 Na5 13. Bc2 g6 14. Qg4 Nd5 15. Nce4 Kh8 16. Qh3 c6 17. Qh6 Rg8 18. Nc3 Bg5 19. Qh3 Qb6 20. Nce4 Be7 21. b3 gxf5 22. Nxf5 Nf4 23. Qh6 Rxg2+ 24. Kh1 Rg6 25. exf4 Rxh6 26. Nxh6 Kg7 27. Rg1+ Kxh6 28. d3 Qxg1+ 29. Kxg1 Bh3 30. fxe5+ Kh5 31. Bf4 Rg8+ 32. Bg3 c5 33. Kf2 Nc6 34. Rg1 Nd4 35. Bd1+ Bg4 36. Bxg4+ Rxg4 37. h3 Rg6 38. Rg2 f5 39. Nd6 Bh4 40. Rg1 f4 41. Bxh4 Rxg1 42. Kxg1 Kxh4 43. Nxb7 Nf3+ 44. Kg2 Ne1+ 45. Kf1 Nxd3 46. e6 1-0

[Event "Veltmann-Fleming m"]
[Site "Ottawa CAN"]
[Date "1998.10.07"]
[Round "1"]
[White "Fleming, Terry"]
[Black "Veltmann, Alfred"]
[Result "1/2-1/2"]
[Annotator ",Hugh"]
[WhiteElo "1864"]
[BlackElo "1905"]
[PlyCount "36"]
[GameId "2160767739579318"]
[EventDate "1998.10.07"]
[EventType "match"]
[EventRounds "4"]
[EventCountry "CAN"]

1. e4 e5 2. Nf3 Nc6 3. d4 exd4 4. Nxd4 Bc5 5. Be3 Qf6 6. c3 Nge7 7. Bb5 O-O 8. O-O Bb6 9. Qd2 Qg6 10. Bd3 Ne5 11. f4 Nxd3 12. Qxd3 d5 13. f5 Qf6 14. g4 dxe4 15. Qxe4 Nc6 16. g5 Qe5 17. Qxe5 Nxe5 18. Nd2 c6 {etc.} 1/2-1/2

[Event "Veltmann-Fleming m"]
[Site "Ottawa CAN"]
[Date "1998.10.14"]
[Round "2"]
[White "Veltmann, Alfred"]
[Black "Fleming, Terry"]
[Result "1-0"]
[WhiteElo "1905"]
[BlackElo "1864"]
[PlyCount "73"]
[GameId "2160767911806290"]
[EventDate "1998.10.07"]
[EventType "match"]
[EventRounds "4"]
[EventCountry "CAN"]

1. e4 e6 2. d4 d5 3. Nd2 dxe4 4. Nxe4 Nf6 5. Nxf6+ Qxf6 6. Nf3 h6 7. Bd3 Nc6 8. c3 Bd6 9. Be3 Bd7 10. Qc2 O-O-O 11. O-O-O Qe7 12. Nd2 Qf8 13. Nc4 Be7 14. f4 f6 15. Be4 g5 16. g3 f5 17. Bg2 Qg7 18. Rhg1 Rde8 19. Qb3 gxf4 20. gxf4 Qh7 21. Ne5 Na5 22. Qc2 Bf6 23. c4 Bxe5 24. dxe5 Bc6 25. b4 Bxg2 26. Rxg2 Qe7 27. Bc5 Qh4 28. bxa5 Qxf4+ 29. Kb1 Rd8 30. Rgd2 Rde8 31. Qd3 b6 32. axb6 axb6 33. Be3 Qh4 34. Qd4 Qh5 35. Qd7+ Kb7 36. Bxb6 Kxb6 37. Rb2+ 1-0

[Event "Veltmann-Fleming m"]
[Site "Ottawa CAN"]
[Date "1998.10.21"]
[Round "3"]
[White "Fleming, Terry"]
[Black "Veltmann, Alfred"]
[Result "0-1"]
[WhiteElo "1864"]
[BlackElo "1905"]
[PlyCount "46"]
[GameId "2160767911806291"]
[EventDate "1998.10.07"]
[EventType "match"]
[EventRounds "4"]
[EventCountry "CAN"]

1. e4 d6 2. d4 Nf6 3. Nc3 g6 4. Nf3 Bg7 5. Bd2 O-O 6. Bc4 Nxe4 7. Nxe4 d5 8. Qe2 dxc4 9. Qxc4 Nc6 10. c3 h6 11. h3 Kh7 12. O-O-O Be6 13. Qe2 Bxa2 14. g4 Qd5 15. h4 Bb3 16. Rdg1 Qa5 17. Bf4 Qa1+ 18. Kd2 Qxb2+ 19. Ke3 Qxe2+ 20. Kxe2 Bd5 21. Neg5+ Kg8 22. Nh3 e5 23. dxe5 Nxe5 0-1

[Event "Veltmann-Fleming m"]
[Site "Ottawa CAN"]
[Date "1998.11.11"]
[Round "4"]
[White "Veltmann, Alfred"]
[Black "Fleming, Terry"]
[Result "1-0"]
[WhiteElo "1905"]
[BlackElo "1864"]
[PlyCount "103"]
[GameId "2160767911806292"]
[EventDate "1998.10.07"]
[EventType "match"]
[EventRounds "4"]
[EventCountry "CAN"]

1. e4 e6 2. d4 d5 3. Nd2 dxe4 4. Nxe4 Nf6 5. Nxf6+ Qxf6 6. Nf3 h6 7. Bd3 Bd7 8. O-O Bd6 9. Qe2 Bc6 10. Ne5 O-O 11. Qh5 Bxe5 12. dxe5 g6 13. exf6 gxh5 14. Bxh6 Rd8 15. h4 Nd7 16. Bg5 Ne5 17. Be2 Be4 18. Bxh5 c6 19. Rfe1 Bg6 20. Bd1 Rd5 21. c3 Nd3 22. Re2 Kh7 23. Bb3 Rd7 24. Rd2 Rad8 25. Rad1 b5 26. f3 c5 27. c4 b4 28. Bc2 a5 29. b3 Rd4 30. Be3 R4d7 31. Bxd3 Rxd3 32. Rxd3 Rxd3 33. Rxd3 Bxd3 34. Bxc5 Bb1 35. Bb6 Bxa2 36. Bxa5 Bxb3 37. c5 Kg6 38. c6 Bd5 39. c7 Bb7 40. Bxb4 Kxf6 41. Kf2 e5 42. Ke3 Kg6 43. f4 exf4+ 44. Kxf4 Kh5 45. Be7 Bc8 46. Ke5 Be6 47. Kf4 Bd7 48. g3 Bc8 49. Bg5 Bd7 50. Ke5 Kg6 51. Kd6 Bg4 52. Ke7 1-0

[Event "Weekend Before Christmas"]
[Site "Edmonton CAN"]
[Date "1998.12.19"]
[Round "1"]
[White "Doo, Alvin"]
[Black "Kazakevich, Anastasia"]
[Result "0-1"]
[WhiteElo "1744"]
[BlackElo "1505"]
[PlyCount "44"]
[GameId "2160767911806029"]
[EventDate "1998.12.19"]
[EventType "swiss"]
[EventRounds "5"]
[EventCountry "CAN"]
[SourceTitle "Albertabase"]
[SourceDate "2003.08.17"]
[SourceVersion "1"]
[SourceVersionDate "2003.08.17"]
[SourceQuality "1"]

1. e4 d5 2. exd5 Nf6 3. Bc4 Nxd5 4. Nf3 Bg4 5. O-O Nc6 6. h3 Bh5 7. d4 e6 8. Re1 Be7 9. c3 O-O 10. Qd3 Bg6 11. Qe2 Re8 12. Bd3 Bxd3 13. Qxd3 Bf6 14. Nbd2 e5 15. dxe5 Nxe5 16. Nxe5 Bxe5 17. Nf3 Qd6 18. Bg5 f6 19. Bh4 Nf4 20. Qc4+ Kh8 21. Rad1 Qc6 22. Nxe5 Qxg2# 0-1

[Event "Weekend Before Christmas"]
[Site "Edmonton CAN"]
[Date "1998.12.19"]
[Round "1"]
[White "Ottosen, David"]
[Black "Haynes, Nicolas"]
[Result "1-0"]
[WhiteElo "2035"]
[BlackElo "1610"]
[PlyCount "61"]
[GameId "2160767911806030"]
[EventDate "1998.12.19"]
[EventType "swiss"]
[EventRounds "5"]
[EventCountry "CAN"]
[SourceTitle "Albertabase"]
[SourceDate "2003.08.17"]
[SourceVersion "1"]
[SourceVersionDate "2003.08.17"]
[SourceQuality "1"]

1. e4 d6 2. d4 Nf6 3. Nc3 g6 4. f3 Bg7 5. Be3 c6 6. Qd2 O-O 7. h4 h5 8. Bh6 b5 9. Bxg7 Kxg7 10. O-O-O a5 11. Bd3 e5 12. Nce2 Qb6 13. Nh3 c5 14. dxe5 dxe5 15. Qe3 Nbd7 16. c4 b4 17. Nf2 Nb8 18. Rdg1 Nc6 19. g4 hxg4 20. fxg4 b3 21. a3 Rh8 22. h5 Kf8 23. hxg6 Rxh1 24. g7+ Ke7 25. Rxh1 Bb7 26. Rh8 Kd7 27. Qg5 Ne7 28. Rxa8 Bxa8 29. Qxe5 Ne8 30. Qxe7+ Kxe7 31. g8=Q 1-0

[Event "Weekend Before Christmas"]
[Site "Edmonton CAN"]
[Date "1998.12.19"]
[Round "2"]
[White "Campbell, Gordon"]
[Black "Ottosen, David"]
[Result "0-1"]
[WhiteElo "1605"]
[BlackElo "2035"]
[PlyCount "104"]
[GameId "2160767911806031"]
[EventDate "1998.12.19"]
[EventType "swiss"]
[EventRounds "5"]
[EventCountry "CAN"]
[SourceTitle "Albertabase"]
[SourceDate "2003.08.17"]
[SourceVersion "1"]
[SourceVersionDate "2003.08.17"]
[SourceQuality "1"]

1. e4 c5 2. Nf3 Nc6 3. d4 cxd4 4. Nxd4 e5 5. Nb5 d6 6. Bc4 a6 7. N5c3 Be7 8. Nd5 Nf6 9. Nbc3 b5 10. Nxf6+ Bxf6 11. Bxf7+ Kxf7 12. Qd5+ Be6 13. Qxc6 Rf8 14. Be3 Bg5 15. Bb6 Qf6 16. Qxd6 Kg8 17. Nd5 Qg6 18. Qxe5 Rae8 19. O-O Bc8 20. Qg3 Rxe4 21. Rae1 Rg4 22. Qb3 Kh8 23. g3 Bb7 24. Bc5 Rd8 25. Rd1 Qc6 26. Be3 Rxd5 27. Rxd5 Qxd5 28. Qxd5 Bxd5 29. Rd1 Bxe3 30. Rxd5 Bb6 31. Rd6 Rg6 32. Rxg6 hxg6 33. Kf1 Kg8 34. f3 Kf7 35. Ke2 Ke6 36. Kd3 Kd5 37. h3 Bc7 38. g4 g5 39. Kc3 Ke5 40. Kb4 Kf4 41. c4 bxc4 42. Kxc4 Kxf3 43. b4 Kg3 44. Kc5 Kxh3 45. Kc6 Kxg4 46. Kxc7 Kh3 47. a4 g4 48. b5 axb5 49. axb5 g3 50. b6 g2 51. b7 g1=Q 52. b8=Q Qg3+ 0-1

[Event "Weekend Before Christmas"]
[Site "Edmonton CAN"]
[Date "1998.12.19"]
[Round "2"]
[White "Kazakevich, Anastasia"]
[Black "Schocat, Eric"]
[Result "0-1"]
[WhiteElo "1892"]
[BlackElo "1505"]
[PlyCount "64"]
[GameId "2160767911806032"]
[EventDate "1998.12.19"]
[EventType "swiss"]
[EventRounds "5"]
[EventCountry "CAN"]
[SourceTitle "Albertabase"]
[SourceDate "2003.08.17"]
[SourceVersion "1"]
[SourceVersionDate "2003.08.17"]
[SourceQuality "1"]

1. d4 Nf6 2. c4 c5 3. d5 b5 4. b3 g6 5. Nc3 b4 6. Nb1 d6 7. Nf3 Bg7 8. Bb2 O-O 9. e3 a5 10. a3 Bb7 11. Bd3 Nbd7 12. O-O Qc7 13. a4 Rae8 14. Qc2 e6 15. e4 e5 16. Nbd2 Bc8 17. h3 Nh5 18. Ne1 Nf4 19. Bc1 f5 20. f3 Nxd3 21. Nxd3 f4 22. Bb2 Nf6 23. Nc1 Qe7 24. Nb1 g5 25. Qf2 h5 26. Ne2 g4 27. Rd1 gxh3 28. gxh3 Bxh3 29. Qh4 Bd7 30. Kf1 Kf7 31. Ke1 Rh8 32. Kd2 Nxe4+ 0-1

[Event "Weekend Before Christmas"]
[Site "Edmonton CAN"]
[Date "1998.12.19"]
[Round "3"]
[White "Ottosen, David"]
[Black "Gardner, Robert"]
[Result "0-1"]
[WhiteElo "2035"]
[BlackElo "2315"]
[PlyCount "136"]
[GameId "2160767911806033"]
[EventDate "1998.12.19"]
[EventType "swiss"]
[EventRounds "5"]
[EventCountry "CAN"]
[SourceTitle "Albertabase"]
[SourceDate "2003.08.17"]
[SourceVersion "1"]
[SourceVersionDate "2003.08.17"]
[SourceQuality "1"]

1. Nf3 c5 2. c4 f5 3. Nc3 Nf6 4. d4 cxd4 5. Nxd4 g6 6. b3 Bg7 7. Bb2 O-O 8. e3 Nc6 9. Be2 a6 10. a3 d6 11. Qc2 e5 12. Nf3 e4 13. Ng1 Be6 14. Nh3 h6 15. Nf4 Bf7 16. O-O-O Ne7 17. h4 Rc8 18. g4 fxg4 19. Nxe4 Nxe4 20. Qxe4 d5 21. Qg2 Qb6 22. Bxg7 Kxg7 23. Bxg4 Qxb3 24. Bxc8 Qc3+ 25. Kb1 Qb3+ 26. Kc1 Rxc8 27. Rd4 Rxc4+ 28. Rxc4 dxc4 29. Rd1 c3 30. f3 Qxa3+ 31. Kb1 Bb3 32. Rc1 c2+ 33. Rxc2 Bxc2+ 34. Qxc2 Qxe3 35. Qb2+ Kf7 36. Qb4 Qxf3 37. Qc4+ Ke8 38. Ne6 Qd1+ 39. Ka2 Qd2+ 40. Kb1 Qe1+ 41. Kc2 Qf2+ 42. Kd1 Qg1+ 43. Kd2 Qg2+ 44. Ke1 Qc6 45. Ng7+ Kd7 46. Qd4+ Nd5 47. Qg4+ Kc7 48. Ne6+ Kb8 49. Qxg6 Nc7 50. Qg8+ Qe8 51. Qxe8+ Nxe8 52. h5 Nf6 53. Nd4 Kc7 54. Nf5 Nxh5 55. Nxh6 Kc6 56. Kd2 Kc5 57. Kc3 b5 58. Nf5 a5 59. Kb3 Nf4 60. Ne3 Nd5 61. Nc2 Nb6 62. Ne3 a4+ 63. Ka2 b4 64. Kb1 Nc4 65. Nd1 b3 66. Nc3 a3 67. Nd1 Kd4 68. Ka1 Ne3 0-1

[Event "Weekend Before Christmas"]
[Site "Edmonton CAN"]
[Date "1998.12.19"]
[Round "3"]
[White "Regimbald, Adrien"]
[Black "Kazakevich, Anastasia"]
[Result "1-0"]
[WhiteElo "1671"]
[BlackElo "1505"]
[PlyCount "85"]
[GameId "2160767911806034"]
[EventDate "1998.12.19"]
[EventType "swiss"]
[EventRounds "5"]
[EventCountry "CAN"]
[SourceTitle "Albertabase"]
[SourceDate "2003.08.17"]
[SourceVersion "1"]
[SourceVersionDate "2003.08.17"]
[SourceQuality "1"]

1. e4 d5 2. exd5 Nf6 3. Nc3 Nxd5 4. Bc4 Nxc3 5. bxc3 Nc6 6. Nf3 Bg4 7. Bxf7+ Kxf7 8. Ng5+ Ke8 9. Qxg4 Qd6 10. Qe6 Qxe6+ 11. Nxe6 Kd7 12. Nxf8+ Rhxf8 13. O-O Rad8 14. Ba3 Kc8 15. d3 Rf5 16. Rfe1 e5 17. Bc1 h6 18. Bd2 Rdf8 19. f3 b6 20. Be3 Rd8 21. Bf2 g5 22. Bg3 a5 23. Re4 Rd5 24. Rb1 Rc5 25. c4 a4 26. c3 Kd8 27. Rb5 Rxb5 28. cxb5 Ne7 29. Rxe5 Rf6 30. Re4 a3 31. Ra4 Rf5 32. c4 Rf6 33. Rxa3 Re6 34. Kf2 h5 35. Kf1 h4 36. Bf2 Rd6 37. Rb3 Kd7 38. a4 Kd8 39. Ra3 Ke8 40. Ke2 Kd7 41. a5 Re6+ 42. Kd2 bxa5 43. Rxa5 1-0

[Event "Weekend Before Christmas"]
[Site "Edmonton CAN"]
[Date "1998.12.20"]
[Round "4"]
[White "Kazakevich, Anastasia"]
[Black "Dewindt, Cor"]
[Result "1/2-1/2"]
[WhiteElo "1505"]
[BlackElo "1660"]
[PlyCount "44"]
[GameId "2160767911806035"]
[EventDate "1998.12.19"]
[EventType "swiss"]
[EventRounds "5"]
[EventCountry "CAN"]
[SourceTitle "Albertabase"]
[SourceDate "2003.08.17"]
[SourceVersion "1"]
[SourceVersionDate "2003.08.17"]
[SourceQuality "1"]

1. d4 f5 2. c4 Nf6 3. Nc3 d6 4. Nf3 g6 5. e3 Bg7 6. Bd3 O-O 7. O-O c6 8. b3 Nbd7 9. Bb2 b6 10. Qc2 e5 11. dxe5 dxe5 12. e4 f4 13. Rad1 Qc7 14. b4 Bb7 15. a4 Rfe8 16. Qb3 Kh8 17. Rd2 h6 18. Rfd1 Rad8 19. Be2 g5 20. g3 Kh7 21. Rc1 Re6 22. Nb1 c5 1/2-1/2